Grandi melodie russe (Record no. 101244)

MARC details
000 -LEADER
fixed length control field 01193njm a2200301Ia 4500
001 - CONTROL NUMBER
control field 24668
003 - CONTROL NUMBER IDENTIFIER
control field IT-RoPAU
005 - DATE AND TIME OF LATEST TRANSACTION
control field 20220918181141.0
008 - FIXED-LENGTH DATA ELEMENTS--GENERAL INFORMATION
fixed length control field 131025s9999 xx 000 0 und d
040 ## - CATALOGING SOURCE
Original cataloging agency IT-RoPAU
040 ## - CATALOGING SOURCE
Transcribing agency IT-RoPAU
999 ## - SYSTEM CONTROL NUMBERS (KOHA)
Koha Dewey Subclass [OBSOLETE] n.d.
100 ## - MAIN ENTRY--PERSONAL NAME
Personal name Blum H.
9 (RLIN) 11525
100 ## - MAIN ENTRY--PERSONAL NAME
Relator term Autore musica
9 (RLIN) 11526
100 ## - MAIN ENTRY--PERSONAL NAME
Miscellaneous information Codice autore musica SPICS: 27525
9 (RLIN) 11527
245 ## - TITLE STATEMENT
Title Grandi melodie russe
250 ## - EDITION STATEMENT
Edition statement 1a ed.
260 ## - PUBLICATION, DISTRIBUTION, ETC. (IMPRINT)
Place of publication, distribution, etc. VARESE
260 ## - PUBLICATION, DISTRIBUTION, ETC. (IMPRINT)
Name of publisher, distributor, etc. DUCALE
Date of publication, distribution, etc. 1971 [1a Ed.:1971]
300 ## - PHYSICAL DESCRIPTION
Extent DISCO
500 ## - GENERAL NOTE
General note Arrangiamento di celebri melodie russe
505 ## - FORMATTED CONTENTS NOTE
Formatted contents note Eine Weisse Birke - Kosaken Mussen Reiten - Die Sage Vom Gold In Der Wolga - Ach Natasha - Solang Ein Stern Am Himmel Steht - Mit Der Troika In Die Grosse Stadt - Die Newa - Spiel Zigeuner - Gold'ne Abendsonne - In Odessa - Nur Der Wind - Hei, Andruschka
650 ## - SUBJECT ADDED ENTRY--TOPICAL TERM
Topical term or geographic name as entry element ARRANGIAMENTO [DISCHI]
Relator term Codice MATERIA SPICS: 9950
9 (RLIN) 11528
700 ## - ADDED ENTRY--PERSONAL NAME
Personal name Bauer Rudy
Relator term Autore testo e musica
Miscellaneous information Codice autore testo/musica SPICS: 26043
9 (RLIN) 11529
700 ## - ADDED ENTRY--PERSONAL NAME
Personal name Weyrich F.
Miscellaneous information Codice autore SPICS: 27330
Relator term Autore
9 (RLIN) 11530
700 ## - ADDED ENTRY--PERSONAL NAME
Personal name Rebroff Ivan
Relator term Interprete
Miscellaneous information Codice interprete SPICS: 9670
9 (RLIN) 11531
942 ## - ADDED ENTRY ELEMENTS (KOHA)
Koha item type DISCHI
Source of classification or shelving scheme Dewey Decimal Classification
Holdings
Withdrawn status Lost status Damaged status Not for loan Home library Current library Date acquired Total Checkouts Full call number Date last seen Price effective from Koha item type Public note
    Buone Condizioni Not For Loan SPICS-MEDIATECA SPICS-MEDIATECA 25/10/2013   24668 25/10/2013 25/10/2013 DISCHI Progr. Ins.: 5363 / N.Vol.: 1 / Copie: 1 - Copia rara: n.d. / date import: 01.01.2014 - By Epidotti, Trombetti, Vaglietti
CREDITS: SOCIETA' SAN PAOLO Via A.Severo, 58 - ROMA (RM) & PERIODICI SAN PAOLO SRL Via Giotto, 36 MILANO & CISF Via Giotto, 36 MILANO & EDIZIONI SAN PAOLO SRL,  Piazza Soncino, 5 CINISELLO BALSAMO (MI) -- ITALY